[Event "Dortmund op-B"]
[Site "Dortmund"]
[Date "2007.06.29"]
[Round "7"]
[White "Blumenstein, Willi"]
[Black "Mainka, Walter"]
[Result "0-1"]
[WhiteElo "1420"]
[BlackElo "1559"]
[PlyCount "152"]
[EventDate "2007.06.22"]
[EventType "swiss"]
[EventRounds "9"]
[EventCountry "GER"]
[SourceTitle "EXT 2008"]
[Source "ChessBase"]
[SourceDate "2007.11.25"]
[SourceVersion "1"]
[SourceVersionDate "2007.11.25"]
[SourceQuality "1"]

1. e4 c5 2. f4 Nc6 3. Nf3 e6 4. Nc3 a6 5. a3 d5 6. e5 Nge7 7. g4 b5 8. Ne2 h5 9. g5 Nf5 10. h4 g6 11. d4 Qb6 12. c3 Bb7 13. Rh3 Be7 14. Bd2 Na5 15. b4 cxb4 16. axb4 Nc4 17. Nfg1 0-0 18. Nc1 a5 19. Bxc4 dxc4 20. bxa5 Rxa5 21. Rxa5 Qxa5 22. Nce2 Be4 23. Ng3 Nxg3 24. Rxg3 Ra8 25. Re3 Bf5 26. Qf3 Qa1+ 27. Kf2 Ra2 28. Qe2 Qb1 29. Nf3 Bg4 30. Qe1 Qc2 31. Re2 Qa4 32. Be3 Ra1 33. Qd2 Qa8 34. d5 exd5 35. Bd4 Bf5 36. Ne1 Bg4 37. Nf3 Bf5 38. Ne1 Be4 39. Qb2 Rb1 40. Qa2 Qa4 41. Qd2 Ba3 42. Qe3 Bc1 43. Qh3 Bf5 44. Qf3 Qa8 45. Qg3 b4 46. cxb4 Rxb4 47. e6 fxe6 48. Qc3 Qa3 49. Qxa3 Bxa3 50. Nc2 Rb3 51. Ne3 Be4 52. Nd1 Rh3 53. Re3 Rxe3 54. Nxe3 Bb4 55. Nd1 Bc2 56. Nc3 Kf7 57. Ke3 Bf5 58. Kd2 Ke7 59. Kc1 Kd7 60. Kb2 Kc6 61. Na4 Be1 62. Nc3 Bxh4 63. Be5 Bg4 64. Kc2 Bg3 65. Kd2 Kc5 66. Ke3 Kb4 67. Nb1 Be1 68. Bd6+ Kb3 69. Nd2+ Kc2 70. Nf1 d4+ 71. Kxd4 c3 72. Ne3+ Kb1 73. Kd3 Bf5+ 74. Ke2 Bd2 75. Nf1 Bc1 76. Bb4 c2 0-1

[Event "Dortmund op-B"]
[Site "Dortmund"]
[Date "2007.06.27"]
[Round "5"]
[White "Blumenstein, Willi"]
[Black "Bashylin, Vsevolod"]
[Result "1-0"]
[WhiteElo "1420"]
[BlackElo "1565"]
[PlyCount "119"]
[EventDate "2007.06.22"]
[EventType "swiss"]
[EventRounds "9"]
[EventCountry "GER"]
[SourceTitle "EXT 2008"]
[Source "ChessBase"]
[SourceDate "2007.11.25"]
[SourceVersion "1"]
[SourceVersionDate "2007.11.25"]
[SourceQuality "1"]

1. e4 e6 2. f4 d5 3. e5 Qd7 4. Nf3 b6 5. Nc3 Ne7 6. g4 h5 7. Nd4 hxg4 8. Qxg4 Ba6 9. Ncb5 Nf5 10. Nxf5 exf5 11. e6 Qxe6+ 12. Qe2 Qxe2+ 13. Bxe2 Bxb5 14. Bxb5+ c6 15. Ba4 Bd6 16. 0-0 Kd7 17. d4 Kc7 18. Bd2 Nd7 19. Rae1 Rae8 20. Rxe8 Rxe8 21. Rf2 Nf6 22. c3 Ne4 23. Re2 Re7 24. Bc1 c5 25. a3 c4 26. Kg2 f6 27. h4 g5 28. hxg5 fxg5 29. fxg5 Nxg5 30. Rxe7+ Bxe7 31. Bf4+ Kb7 32. Bd7 Nf7 33. Be6 Nd6 34. Bxd5+ Kc8 35. Bxd6 Bxd6 36. Bxc4 Kc7 37. Kf3 Kc6 38. Be6 Kb5 39. Bxf5 Kc4 40. Bc2 b5 41. Ke4 a5 42. Bd3+ Kb3 43. Bxb5 Kxb2 44. c4 Kxa3 45. c5 Be7 46. Kd5 Kb4 47. Bd7 a4 48. c6 a3 49. c7 a2 50. c8Q a1Q 51. Qb7+ Ka3 52. Qa6+ Kb2 53. Qe2+ Kc3 54. Qe3+ Kb2 55. Qxe7 Qh1+ 56. Qe4 Qh5+ 57. Qe5 Qf7+ 58. Kd6 Qf8+ 59. Kc7 Kc3 60. Qc5+ 1-0

[Event "Dortmund op-B"]
[Site "Dortmund"]
[Date "2007.06.26"]
[Round "4"]
[White "Haidar, Marcel"]
[Black "Blumenstein, Willi"]
[Result "1-0"]
[WhiteElo "1571"]
[BlackElo "1420"]
[PlyCount "77"]
[EventDate "2007.06.22"]
[EventType "swiss"]
[EventRounds "9"]
[EventCountry "GER"]
[SourceTitle "EXT 2008"]
[Source "ChessBase"]
[SourceDate "2007.11.25"]
[SourceVersion "1"]
[SourceVersionDate "2007.11.25"]
[SourceQuality "1"]

1. c4 g6 2. d4 Bg7 3. Nc3 d6 4. e4 a6 5. Nf3 Nd7 6. Be2 h6 7. 0-0 Nf8 8. Qc2 Bd7 9. Rb1 Ne6 10. d5 g5 11. dxe6 Bxe6 12. Be3 Bd7 13. Nd4 e5 14. Nf5 Bf6 15. Nd5 h5 16. Nxf6+ Qxf6 17. c5 d5 18. f3 d4 19. Bd2 Ne7 20. Nxe7 Kxe7 21. Bb4 c6 22. Ba5 Qf4 23. Bd2 Qf6 24. Qb3 Rab8 25. Qb6 Rhc8 26. b4 Be6 27. a4 Qg6 28. b5 g4 29. bxa6 g3 30. h4 bxa6 31. Qa7+ Kf8 32. Rxb8 Rxb8 33. Qxb8+ Kg7 34. Qxe5+ Kh7 35. Qg5 d3 36. Bxd3 a5 37. Qxg6+ Kh8 38. Bc3+ f6 39. Bxf6# 1-0

[Event "Dortmund op-B"]
[Site "Dortmund"]
[Date "2005.07.08"]
[Round "1"]
[White "Weber, Thomas"]
[Black "Blumenstein, Willi"]
[Result "1-0"]
[WhiteElo "1852"]
[BlackElo "1507"]
[PlyCount "90"]
[EventDate "2005.07.08"]
[EventType "swiss"]
[EventRounds "9"]
[EventCountry "GER"]
[SourceTitle "CBM 107 Extra"]
[Source "ChessBase"]
[SourceDate "2005.09.01"]
[SourceVersion "1"]
[SourceVersionDate "2005.09.01"]
[SourceQuality "1"]

1. d4 Nf6 2. Nf3 g6 3. c4 d5 4. Nc3 Bg7 5. Bf4 a6 6. e3 Nc6 7. h3 Bd7 8. cxd5 Nb4 9. Qb3 a5 10. a3 Na6 11. Qxb7 Qc8 12. Qxc8+ Bxc8 13. Bb5+ Kf8 14. 0-0 Ne8 15. Ne5 Bxe5 16. Bxe5 f6 17. Bg3 Nd6 18. Bd3 Bd7 19. e4 Rg8 20. Rfe1 Ne8 21. Rac1 c5 22. Bxa6 Rxa6 23. dxc5 e5 24. c6 Bc8 25. Nb5 Ke7 26. Red1 Nd6 27. Nxd6 Kxd6 28. f4 Rb6 29. Rd2 Rb3 30. fxe5+ fxe5 31. Bf2 Rg7 32. Bc5+ Kc7 33. Bf8 Rf7 34. d6+ Kd8 35. Be7+ Rxe7 36. dxe7+ Kxe7 37. Rc5 Rb6 38. Rxe5+ Kf6 39. Rc5 Ke7 40. c7 Rd6 41. Rxd6 Kxd6 42. Rxa5 Kxc7 43. Kf2 h5 44. Rg5 Kd6 45. Rxg6+ Ke5 1-0